Normal view
MARC view
- HEAT AND MASS TRANSFER
Entry Topical Term
001 - CONTROL NUMBER
- control field: 63504
003 - CONTROL NUMBER IDENTIFIER
- control field: NUST
005 - DATE AND TIME OF LATEST TRANSACTION
- control field: 20210628203130.0
008 - FIXED-LENGTH DATA ELEMENTS
- fixed length control field: 210628|| aca||aabn | a|a d
040 ## - CATALOGING SOURCE
- Original cataloging agency: NUST
- Transcribing agency: NUST
150 ## - HEADING--TOPICAL TERM
- Topical term or geographic name entry element: HEAT AND MASS TRANSFER
670 ## - SOURCE DATA FOUND
- Source citation: Work cat.: (NUST): Thirumaleshwar , M 63503, Fundamentals of heat and mass transfer, includes mathcad based solutions to problems, 2006
